Licenčný poplatok ako kľúčový parameter pri ohodnocovaní duševného vlastníctva

Ohodnocovanie duševného vlastníctva. Metóda licenčnej analógie. Výška licenčného poplatku. Výška licenčných poplatkov podľa odvetvia. Výskum výšky licenčných poplatkov na našom území. Využívanie zahraničných databáz pri ohodnocovaní nehmotných aktív.

Uložené v:
Podrobná bibliografia
Hlavný autor: Havier, Jan, 1989-
Médium: Kapitola
Jazyk:Slovak
Predmet:
Tagy: Pridať tag
Žiadne tagy, Buďte prvý, kto otaguje tento záznam!

MARC

LEADER 00000nla a2200000 4500
001 0226265
005 20240527082502.7
041 0 |a slo 
044 |a CZ 
245 1 0 |a Licenčný poplatok ako kľúčový parameter pri ohodnocovaní duševného vlastníctva  |c Jan Havier 
520 |a Ohodnocovanie duševného vlastníctva. Metóda licenčnej analógie. Výška licenčného poplatku. Výška licenčných poplatkov podľa odvetvia. Výskum výšky licenčných poplatkov na našom území. Využívanie zahraničných databáz pri ohodnocovaní nehmotných aktív. 
610 2 0 |a vlastníctvo duševné 
610 2 0 |a známky ochranné 
610 2 0 |a ochrana autorstva 
610 2 0 |a hodnota 
610 2 0 |a ohodnocovanie 
610 2 0 |a oceňovanie ekonomické 
610 2 0 |a poplatky 
610 2 0 |a licencie 
100 1 |a Havier, Jan, 1989-